000 002410000a22000970004500
100 1 _aRenkema, J.
245 1 0 _aA note on Jeremiah 28:5
300 _aVol. 47, Num. 2 (Abril, 1997), Páginas 253-255
773 0 _tVetus Testamentum
942 _cANA
999 _c58110
_d58110